Philippine Airlines (PAL) Destinations - Statistics

General Stats
  • This quiz has been taken 42 times
  • The average score is 45 of 127
Answer Stats
City % Correct
Melbourne
97%
Sydney
97%
Toronto
90%
Shanghai
83%
Beijing
80%
Paris
80%
Vancouver
80%
Tokyo
77%
Brisbane
73%
Frankfurt
73%
Hong Kong
73%
Jakarta
73%
Perth
73%
Amsterdam
70%
Athens
70%
Auckland
70%
Cairo
70%
Karachi
70%
Kuala Lumpur
70%
London
70%
Osaka
70%
Rome
70%
Delhi
67%
Los Angeles
67%
Madrid
67%
New York City
67%
Seoul
67%
Doha
63%
Dubai
63%
Hanoi
63%
Ho Chi Minh City
63%
Kuwait City
63%
Manila
63%
Phnom Penh
63%
San Francisco
63%
Singapore
63%
Zürich
63%
Bangkok
60%
Darwin
60%
Port Moresby
60%
Taipei
60%
Tel Aviv
60%
Bandar Seri Begawan
57%
Cebu
57%
Guangzhou
57%
Riyadh
57%
Abu Dhabi
53%
Busan
53%
Chicago
53%
Wuhan
53%
Chengdu
50%
Davao
50%
Jeddah
50%
Nagoya
50%
Xiamen
50%
Sapporo
47%
Denpasar
43%
Fukuoka
43%
Honolulu
43%
Kolkata
43%
Cairns
40%
Chongqing
37%
Surabaya
37%
Vladivostok
37%
Las Vegas
30%
Jeju
27%
Newark
27%
Dammam
23%
Hangzhou
23%
Nanjing
23%
Clark
20%
General Santos
20%
Kota Kinabalu
20%
Zamboanga
20%
Naga
17%
Baguio
13%
Iloilo
13%
Puerto Princesa
13%
San Jose
13%
Cagayan De Oro
10%
Dumaguete
10%
Kuching
10%
Naha
10%
Cotabato
7%
Hagåtña
7%
Jolo
7%
Legazpi
7%
Tacloban
7%
Tagbilaran
7%
Bacolod
3%
Basco
3%
Bataan
3%
Bislig
3%
Butuan
3%
Calapan
3%
Daet
3%
Dhahran
3%
Iligan
3%
Khabarovsk
3%
Laoag
3%
Masbate
3%
Mati
3%
Ozamiz
3%
Pagadian
3%
Quanzhou
3%
Roxas
3%
San Fernando
3%
Tawi-Tawi
3%
Tuguegarao
3%
Virac
3%
Baler
0%
Dipolog
0%
Gasan
0%
Guiuan
0%
Hilongos
0%
Ipil
0%
Kalibo
0%
Labuan
0%
Lubang
0%
Mamburao
0%
Manama
0%
Oakland
0%
Sandakan
0%
San Jose de Buenavista
0%
Siocon
0%
Surallah
0%
Yangyang
0%
No matching quizzes found
Score Distribution
Percent of People with Each Score
Percentile by Number Answered
Your Score History
You have not taken this quiz